The Law and practice of income-tax in Pakistan : (Record no. 43958)
[ view plain ]
| 000 -LEADER | |
|---|---|
| fixed length control field | 00889nam a2200277 a 4500 |
| 001 - CONTROL NUMBER | |
| control field | 43958 |
| 003 - CONTROL NUMBER IDENTIFIER | |
| rucl marc code | BD-RjUL |
| 005 - DATE AND TIME OF LATEST TRANSACTION | |
| control field | 20211209053757.0 |
| 008 - FIXED-LENGTH DATA ELEMENTS--GENERAL INFORMATION | |
| fixed length control field | 160629m19631951pk ka 000 0 eng |
| 035 ## - SYSTEM CONTROL NUMBER | |
| System control number | (BD-RjUL)44076 |
| System control number | (OCoLC)19442105 |
| 040 ## - CATALOGING SOURCE | |
| Original cataloging agency | DLC |
| Transcribing agency | MnU-L |
| Modifying agency | MoSU-L |
| -- | DLC |
| -- | BD-RjUL |
| Language of cataloging | eng |
| 041 ## - LANGUAGE CODE | |
| Language code of text/sound track or separate title | eng |
| 082 ## - DEWEY DECIMAL CLASSIFICATION NUMBER | |
| Edition number | 23 |
| Classification number | 343.5491052 |
| Author mark and year | NAL 1963 |
| 100 10 - MAIN ENTRY--PERSONAL NAME | |
| Personal name | Naqv, S.M. Raza |
| 9 (RLIN) | 135039 |
| 245 10 - TITLE STATEMENT | |
| Title | The Law and practice of income-tax in Pakistan : |
| Remainder of title | Act XI of 1922 / |
| Statement of responsibility, etc. | S.M. Raza Naqvi |
| 250 ## - EDITION STATEMENT | |
| Edition statement | 3rd mostly re-written and enl. ed. |
| 260 ## - PUBLICATION, DISTRIBUTION, ETC. (IMPRINT) | |
| Place of publication, distribution, etc. | Lahore : |
| Name of publisher, distributor, etc. | Taxation, |
| Date of publication, distribution, etc. | 1963 |
| 300 ## - PHYSICAL DESCRIPTION | |
| Pagination | 2 v. : |
| Illustrations | ill. ; |
| Size | 26 cm. |
| 490 ## - SERIES STATEMENT | |
| Volume/sequential designation | 1 |
| 505 0# - FORMATTED CONTENTS NOTE | |
| Formatted contents note | [Vol.-1--Vol.] |
| 650 #0 - SUBJECT ADDED ENTRY--TOPICAL TERM | |
| Topical term or geographic name as entry element | Corporations |
| General subdivision | Taxation |
| -- | Law and legislation |
| Geographic subdivision | Pakistan. |
| 9 (RLIN) | 135040 |
| Topical term or geographic name as entry element | Income tax |
| General subdivision | Law and legislation |
| Geographic subdivision | Pakistan. |
| 9 (RLIN) | 135041 |
| 942 ## - ADDED ENTRY ELEMENTS (KOHA) | |
| Source of classification or shelving scheme | Dewey Decimal Classification |
| Koha item type | Books |
| Lost status | Source of classification or shelving scheme | Damaged status | Not for loan | Collection code | Permanent Location | Current Location | Shelving location | Date acquired | Source of acquisition | Cost, normal purchase price | Total Checkouts | Full call number | Date last seen | Copy number | Koha item type |
|---|---|---|---|---|---|---|---|---|---|---|---|---|---|---|---|
| Dewey Decimal Classification | Non-fiction | Central Library, University of Rajshahi | Central Library, University of Rajshahi | 04/03/1968 | Worsi book corporation | 0.00 | 343.5491052 NAL V-1 1963 | 29/06/2016 | C-2 | Books | |||||
| Dewey Decimal Classification | Non-fiction | Central Library, University of Rajshahi | Central Library, University of Rajshahi | 04/03/1968 | Worsi book corporation | 0.00 | 343.5491052 NAL V-1 1963 | 29/06/2016 | C-3 | Books | |||||
| Dewey Decimal Classification | Non-fiction | Central Library, University of Rajshahi | Central Library, University of Rajshahi | 02/07/1968 | Warri Book corpo.Dhaka | 22.40 | 343.5491052 NAL V-2 1963 | 01/08/2016 | C-2 | Books | |||||
| Dewey Decimal Classification | Non-fiction | Central Library, University of Rajshahi | Central Library, University of Rajshahi | 02/03/1968 | Warshi book corporation, Pakistan | 70.00 | 343.5491052 NAL V-2 1963 | 01/08/2016 | C-3 | Books |